000
00312 a2200145 4500
001
58959
020
_a
040
_c
Anchieta - Pituba
240
1
0
_a
Arqueologia histórica de Canudos
_l
por
245
1
0
_a
Arqueologia histórica de Canudos
300
_a
103
362
0
_a
1996
650
4
_a
Bahia
942
_c
BK
999
_c
58959
_d
58959